000 01242 a2200229 4500
001 28987
005 20260407155559.0
008 260407a1945 arg spa d
003 AR-UNSa-BCEJYS
040 _aAR-UNSa-BCEJYS
_bspa
_cAR-UNSa-BCEJYS
080 _a657
_xContabilidad
245 1 0 _aPrincipios de Contabilidad
250 _a2a. ed.
264 1 _aMéxico :
_bUnión Tipográfica Editorial Hispano-Americana (UTEHA)
_c1945
300 _a359 p.
_c25 cm.
505 _a1. Sociedad - 2. El sistema de pólizas; Registros de pólizas - 3. Contabilidad para negocios en grande escala - 4. Prorrateo de los gastos; Reservas complementarias de activo - 5. Costo de producción y costo de la mercancías vendidas - 6. Superavit - 7. Estados financieros - 8. Dividendos - 9. Sistema de mayores auxiliares para la contabilidad industrial - 10. Procedimientos para emisión de bonos - 11. Erogaciones capitalizables y gastos - 12. Fondo de amortización; Reserva para fondos de amortización - 13. Inversiones: producto de inversiones - 14. El control por medio de las cuentas - 15. Repaso General
041 _aspa
942 _cBK
590 _aniveau_biblio:m niveau_hierar:0
100 1 _aHimmelblau, David
700 1 _aEspinosa, Abel
999 _c1777
_d1777